| 000 | 01133pam a2200301 a 4500 | ||
|---|---|---|---|
| 001 | 3888783 | ||
| 003 | OSt | ||
| 005 | 20230620152051.0 | ||
| 008 | 900122s1990 enkab b 001 0 eng | ||
| 010 | _a 90031230 | ||
| 020 |
_a0198273304 : _c$45.00 (U.S.) |
||
| 040 |
_aDLC _cDLC _dDLC |
||
| 043 | _ae-uk--- | ||
| 050 | 0 | 0 |
_aJN956 _b.N667 1990 |
| 082 | 0 | 0 |
_a324.941/085 _220 _bNOR |
| 100 | 1 | _aNorris, Pippa. | |
| 245 | 1 | 0 |
_aBritish by-elections : _bthe volatile electorate / _cPippa Norris. |
| 260 |
_aOxford [England] : _bClarendon Press ; _aNew York : _bOxford University Press, _c1990. |
||
| 300 |
_axiii, 263 p. : _bill., map ; _c22 cm. |
||
| 504 | _aIncludes bibliographical references (p. [244]-253) and index. | ||
| 650 | 0 |
_aElections _zGreat Britain. |
|
| 650 | 0 |
_aVoting _zGreat Britain. |
|
| 650 | 0 |
_aPublic opinion _zGreat Britain. |
|
| 856 | 4 | 2 |
_3Publisher description _uhttp://www.loc.gov/catdir/enhancements/fy0605/90031230-d.html |
| 906 |
_a7 _bcbc _corignew _d1 _eocip _f19 _gy-gencatlg |
||
| 942 |
_2ddc _cBK |
||
| 999 |
_c1848 _d1848 |
||